[Event "19th Capablanca Memorial group A"]
[Site "Cienfuegos CUB"]
[Date "1984.05.30"]
[Round "8"]
[White "Knaak, Rainer"]
[Black "Garcia Martinez, Silvino"]
[Result "1/2-1/2"]
[WhiteElo "2490"]
[BlackElo "2450"]
[EventDate "1984.05.22"]
[PlyCount "38"]

1.d4 Nf6 2.c4 c5 3.d5 g6 4.Nc3 d6 5.e4 Bg7 6.Bd3 O-O 7.Nge2 e6 8.O-O exd5 
9.cxd5 Na6 10.h3 Bd7 11.a4 Nb4 12.Bb1 Ne8 13.Bf4 f5 14.Qd2 Qe7 15.Ng3 fxe4
16.Ngxe4 Be5 17.Be3 Nf6 18.Ng5 Nh5 19.Ne2 Bg7 1/2-1/2

[Event "19th Capablanca Memorial group A"]
[Site "Cienfuegos CUB"]
[Date "1984.06.02"]
[Round "9"]
[White "Bany, Jerzy"]
[Black "Fernandez Gonzalez, Juan Carlos"]
[Result "1/2-1/2"]
[WhiteElo "2430"]
[BlackElo "2385"]
[EventDate "1984.05.22"]
[PlyCount "81"]

1.Nf3 g6 2.g3 Bg7 3.d4 Nf6 4.Bg2 O-O 5.O-O d6 6.c4 Nbd7 7.Nc3 e5 8.h3 c6 
9.e4 Re8 10.Be3 exd4 11.Nxd4 a5 12.Qc2 Nc5 13.Rad1 Nfd7 14.Rfe1 a4 15.f4 
Qa5 16.Bf2 Nf8 17.Nde2 f5 18.Nd4 Nxe4 19.Nxe4 fxe4 20.Rxe4 Rxe4 21.Qxe4 
Bd7 22.Qe7 Qb4 23.a3 Qxb2 24.Qxd6 Re8 25.Bf1 Bc8 26.Nf3 Nd7 27.c5 Qc2 28.
Re1 Rxe1 29.Nxe1 Qf5 30.Bc4+ Kh8 31.Be6 Qf6 32.Qc7 Qxe6 33.Qxc8+ Bf8 34.
Nf3 Kg8 35.Ng5 Qd5 36.Qe8 Nf6 37.Qc8 Qd7 38.Qa8 h6 39.Nf3 Ne4 40.Qxa4 Nxf2
41.Kxf2 1/2-1/2

[Event "19th Capablanca Memorial group A"]
[Site "Cienfuegos CUB"]
[Date "1984.06.02"]
[Round "9"]
[White "Sunye Neto, Jaime"]
[Black "Toshkov, Tihomir"]
[Result "0-1"]
[WhiteElo "2470"]
[BlackElo "2440"]
[EventDate "1984.05.22"]
[PlyCount "83"]

1.c4 g6 2.g3 Bg7 3.Bg2 d6 4.Nc3 e5 5.e4 Nc6 6.Nge2 h5 7.h4 Be6 8.d3 Qd7 9.
Nd5 Nce7 10.d4 Bg4 11.f3 Be6 12.Be3 c6 13.Nxe7 Qxe7 14.Rc1 Nf6 15.O-O O-O 
16.b4 Rfc8 17.d5 Bd7 18.Nc3 Rc7 19.Qd3 cxd5 20.cxd5 Ne8 21.Rc2 f5 22.Rfc1 
f4 23.gxf4 Qxh4 24.Qd2 Qf6 25.fxe5 dxe5 26.Ne2 Rxc2 27.Rxc2 Nd6 28.Bg5 Qf8
29.Rc7 Qe8 30.Bh6 Qd8 31.Bxg7 Qxc7 32.Bxe5 Nc4 33.Bxc7 Nxd2 34.Nd4 Rc8 35.
d6 Re8 36.Kf2 g5 37.Nf5 Kf7 38.Bh3 g4 39.fxg4 Nxe4+ 40.Kg1 Ng5 41.Bg2 hxg4
42.Bd5+ 0-1

[Event "19th Capablanca Memorial group A"]
[Site "Cienfuegos CUB"]
[Date "1984.06.02"]
[Round "9"]
[White "Vera Gonzalez, Reynaldo"]
[Black "Remon Gay, Adelquis"]
[Result "1-0"]
[WhiteElo "2440"]
[BlackElo "2370"]
[EventDate "1984.05.22"]
[PlyCount "79"]

1.e4 c5 2.Nf3 e6 3.c3 d5 4.exd5 Qxd5 5.d4 Nf6 6.Na3 Be7 7.Nb5 Na6 8.c4 Qd8
9.Be2 O-O 10.O-O Nc7 11.Nc3 cxd4 12.Qxd4 Qxd4 13.Nxd4 e5 14.Nf3 Nd7 15.Rd1
Re8 16.Ne4 Ne6 17.Nd6 Bxd6 18.Rxd6 f6 19.Be3 Ndf8 20.Rad1 b6 21.b4 Ba6 22.
Nd2 Rac8 23.b5 Bb7 24.Nb3 Be4 25.Rc1 Rc7 26.c5 bxc5 27.Nxc5 Rec8 28.Bc4 
Bf5 29.Rcd1 Rxc5 30.Bxc5 Rxc5 31.Rc6 Rxc4 32.Rxc4 Nd4 33.Rdxd4 exd4 34.
Rxd4 Bd7 35.a4 Kf7 36.Rd6 Ke7 37.Ra6 Be6 38.Rxa7+ Kd6 39.b6 Nd7 40.a5 1-0

[Event "19th Capablanca Memorial group A"]
[Site "Cienfuegos CUB"]
[Date "1984.06.03"]
[Round "10"]
[White "Agzamov, Georgy"]
[Black "Knaak, Rainer"]
[Result "1/2-1/2"]
[WhiteElo "2570"]
[BlackElo "2490"]
[EventDate "1984.05.22"]
[PlyCount "83"]

1.d4 Nf6 2.Nf3 g6 3.Bg5 Bg7 4.Nbd2 d5 5.e3 O-O 6.Bd3 c5 7.c3 Qb6 8.Qb1 Nc6
9.h3 Nd7 10.Bf4 e5 11.dxe5 Ndxe5 12.Nxe5 Nxe5 13.Bxe5 Bxe5 14.Nf3 Bg7 15.
O-O Bd7 16.e4 Bc6 17.exd5 Bxd5 18.Nd2 Rad8 19.Rd1 Qc6 20.Bf1 b5 21.Qc2 c4 
22.a4 a6 23.axb5 axb5 24.Re1 Ra8 25.Rxa8 Rxa8 26.Nf3 Rb8 27.Qd2 Qc5 28.Ne5
Rc8 29.Nd7 Qc6 30.Nb6 Qxb6 31.Qxd5 Bf8 32.g3 Bc5 33.Re2 Rd8 34.Qe4 Rd6 35.
Kg2 Rf6 36.f4 Re6 37.Qa8+ Kg7 38.Qd5 Bg1 39.Qf3 Be3 40.Qd5 Bg1 41.Qf3 
Rxe2+ 42.Bxe2 1/2-1/2

[Event "19th Capablanca Memorial group A"]
[Site "Cienfuegos CUB"]
[Date "1984.06.03"]
[Round "10"]
[White "Fernandez Garcia, Jose Luis"]
[Black "Vera Gonzalez, Reynaldo"]
[Result "1-0"]
[WhiteElo "2440"]
[BlackElo "2440"]
[EventDate "1984.05.22"]
[PlyCount "53"]

1.e4 c5 2.Nf3 d6 3.d4 cxd4 4.Nxd4 Nf6 5.Nc3 a6 6.Be3 Nbd7 7.Be2 Nc5 8.Bf3 
e6 9.g4 d5 10.exd5 Nxd5 11.Nxd5 exd5 12.Qe2 Be7 13.O-O-O O-O 14.Kb1 Bf6 
15.Nb3 Nxb3 16.Rxd5 Qc7 17.cxb3 Be6 18.Rc5 Qb8 19.Qc2 a5 20.Rb5 Rc8 21.Qe4
a4 22.g5 Bxb2 23.Kxb2 axb3 24.axb3 Qd6 25.Rb4 Bd5 26.Qf4 Qg6 27.Rc1 1-0

[Event "19th Capablanca Memorial group A"]
[Site "Cienfuegos CUB"]
[Date "1984.06.03"]
[Round "10"]
[White "Fernandez Gonzalez, Juan Carlos"]
[Black "Garcia Martinez, Silvino"]
[Result "1/2-1/2"]
[WhiteElo "2385"]
[BlackElo "2450"]
[EventDate "1984.05.22"]
[PlyCount "23"]

1.d4 d5 2.c4 c6 3.cxd5 cxd5 4.Nc3 Nc6 5.Nf3 Nf6 6.Bf4 Bf5 7.e3 e6 8.Bd3 
Bxd3 9.Qxd3 Bd6 10.Bxd6 Qxd6 11.O-O O-O 12.Rfc1 1/2-1/2

[Event "19th Capablanca Memorial group A"]
[Site "Cienfuegos CUB"]
[Date "1984.06.03"]
[Round "10"]
[White "Rodriguez Cespedes, Amador"]
[Black "Bany, Jerzy"]
[Result "1/2-1/2"]
[WhiteElo "2360"]
[BlackElo "2430"]
[EventDate "1984.05.22"]
[PlyCount "55"]

1.e4 e6 2.d4 d5 3.Nd2 c5 4.exd5 exd5 5.Ngf3 Nc6 6.Bb5 Bd6 7.dxc5 Bxc5 8.
O-O Ne7 9.Nb3 Bd6 10.Bg5 O-O 11.Re1 Bg4 12.Be2 h6 13.Bxe7 Bxe7 14.c3 Bf6 
15.h3 Be6 16.Qd3 Qb6 17.Rad1 Rad8 18.Qb5 d4 19.Qxb6 axb6 20.Nfxd4 Nxd4 21.
Nxd4 Bxa2 22.Bf3 Bd5 23.Bxd5 Rxd5 24.Nc2 Rfd8 25.Ne3 Rd2 26.Rxd2 Rxd2 27.
Nc4 Rc2 28.Nxb6 1/2-1/2

[Event "19th Capablanca Memorial group A"]
[Site "Cienfuegos CUB"]
[Date "1984.06.04"]
[Round "11"]
[White "Knaak, Rainer"]
[Black "Zapata Ramirez, Alonso"]
[Result "1-0"]
[WhiteElo "2490"]
[BlackElo "2470"]
[EventDate "1984.05.22"]
[PlyCount "39"]

1.d4 g6 2.c4 Bg7 3.Nc3 c5 4.d5 f5 5.h4 Bxc3+ 6.bxc3 Qa5 7.h5 d6 8.Bd2 gxh5
9.e3 Nf6 10.Ne2 Nbd7 11.Ng3 Ne5 12.Nxh5 Ne4 13.Be2 Bd7 14.f4 Ng4 15.Bxg4 
fxg4 16.Ng7+ Kf7 17.Ne6 Nf6 18.e4 Rag8 19.e5 Ne4 20.Qc2 1-0

[Event "19th Capablanca Memorial group A"]
[Site "Cienfuegos CUB"]
[Date "1984.06.05"]
[Round "12"]
[White "Agzamov, Georgy"]
[Black "Zapata Ramirez, Alonso"]
[Result "1-0"]
[WhiteElo "2570"]
[BlackElo "2470"]
[EventDate "1984.05.22"]
[PlyCount "67"]

1.d4 Nf6 2.c4 g6 3.Nc3 Bg7 4.e4 O-O 5.Nf3 d6 6.h3 c5 7.d5 e6 8.Bd3 exd5 9.
exd5 Re8+ 10.Be3 Bf5 11.Bxf5 gxf5 12.O-O Ne4 13.Ne2 Nd7 14.Qc2 Nf8 15.Rae1
Ng6 16.Nf4 Qa5 17.Nh5 Bh8 18.a4 Qb4 19.Bc1 a6 20.g4 Ne5 21.Nxe5 Rxe5 22.f3
fxg4 23.hxg4 Nf6 24.Rxe5 dxe5 25.Bd2 Qb6 26.a5 Qc7 27.Nxf6+ Bxf6 28.Kg2 e4
29.Qxe4 Bxb2 30.Rh1 f5 31.Qxf5 Re8 32.d6 Qg7 33.Re1 Rxe1 34.Bxe1 1-0

[Event "19th Capablanca Memorial group A"]
[Site "Cienfuegos CUB"]
[Date "1984.06.05"]
[Round "12"]
[White "Fernandez Gonzalez, Juan Carlos"]
[Black "Knaak, Rainer"]
[Result "1/2-1/2"]
[WhiteElo "2385"]
[BlackElo "2490"]
[EventDate "1984.05.22"]
[PlyCount "31"]

1.e4 e6 2.d4 d5 3.Nd2 Nf6 4.e5 Nfd7 5.Bd3 c5 6.c3 b6 7.Ngf3 Ba6 8.Bxa6 
Nxa6 9.O-O Nc7 10.Re1 h6 11.c4 Be7 12.cxd5 Nxd5 13.Nc4 O-O 14.Ne3 Nxe3 15.
Bxe3 cxd4 16.Qxd4 1/2-1/2

[Event "19th Capablanca Memorial group A"]
[Site "Cienfuegos CUB"]
[Date "1984.06.05"]
[Round "12"]
[White "Toshkov, Tihomir"]
[Black "Garcia Martinez, Silvino"]
[Result "1/2-1/2"]
[WhiteElo "2440"]
[BlackElo "2450"]
[EventDate "1984.05.22"]
[PlyCount "43"]

1.d4 Nf6 2.c4 g6 3.Nc3 Bg7 4.e4 d6 5.f3 O-O 6.Bg5 c5 7.d5 e6 8.Qd2 exd5 9.
exd5 b6 10.h4 h5 11.Nge2 Re8 12.Qf4 a6 13.a4 Qe7 14.g4 Nbd7 15.gxh5 Nxh5 
16.Bxe7 Nxf4 17.Bxd6 Ne5 18.Bxe5 Bxe5 19.Ne4 Bd7 20.N4g3 b5 21.Nxf4 Bxf4+ 
22.Ne2 1/2-1/2

[Event "19th Capablanca Memorial group A"]
[Site "Cienfuegos CUB"]
[Date "1984.06.07"]
[Round "13"]
[White "Knaak, Rainer"]
[Black "Rodriguez Cespedes, Amador"]
[Result "1/2-1/2"]
[WhiteElo "2490"]
[BlackElo "2360"]
[EventDate "1984.05.22"]
[PlyCount "94"]

1.d4 Nf6 2.c4 e6 3.Nc3 Bb4 4.e3 c5 5.Bd3 Nc6 6.a3 Bxc3+ 7.bxc3 O-O 8.Ne2 
b6 9.e4 Ne8 10.O-O Ba6 11.f4 f5 12.Ng3 Nd6 13.exf5 exf5 14.dxc5 bxc5 15.
Be3 g6 16.Bxc5 Rf6 17.Be2 Qc7 18.Qd5+ Nf7 19.Rad1 Rd8 20.Qf3 Re6 21.Qf2 
Na5 22.Bxa7 Bxc4 23.Bd4 Bxe2 24.Nxe2 Rde8 25.Nc1 Nc4 26.Nd3 Nxa3 27.Nc5 
R6e7 28.Rfe1 d6 29.Na6 Qc4 30.Rxe7 Rxe7 31.Qf1 Qxf1+ 32.Kxf1 Re4 33.g3 Nc2
34.Nb4 Nxd4 35.Rxd4 Rxd4 36.cxd4 Nd8 37.Ke2 Kf7 38.Kd3 Ne6 39.Kc4 Nc7 40.
Nd5 Ne6 41.Nc3 Ke7 42.Nb5 g5 43.d5 gxf4 44.dxe6 fxg3 45.hxg3 Kxe6 46.Kd4 
Kf6 47.Ke3 Kg5 1/2-1/2

[Event "19th Capablanca Memorial group A"]
[Site "Cienfuegos CUB"]
[Date "1984.06.07"]
[Round "13"]
[White "Sunye Neto, Jaime"]
[Black "Agzamov, Georgy"]
[Result "1-0"]
[WhiteElo "2470"]
[BlackElo "2570"]
[EventDate "1984.05.22"]
[PlyCount "135"]

1.Nf3 Nf6 2.c4 c5 3.Nc3 e6 4.d4 cxd4 5.Nxd4 Bb4 6.g3 O-O 7.Bg2 d5 8.cxd5 
Nxd5 9.Bd2 Bxc3 10.bxc3 e5 11.Nb3 Nc6 12.O-O Nde7 13.a4 Qc7 14.Qc2 Be6 15.
c4 Rad8 16.Rfc1 Nf5 17.e3 Nfe7 18.Qb2 Bf5 19.Bc3 f6 20.a5 Nb8 21.Bb4 Na6 
22.Qa3 Rfe8 23.Nc5 Nxc5 24.Bxc5 Rd3 25.Qa4 Rdd8 26.Bxa7 Nc8 27.Bb6 Nxb6 
28.axb6 Qxb6 29.Qa7 Qxa7 30.Rxa7 e4 31.Rxb7 Rb8 32.Rxb8 Rxb8 33.g4 Bg6 34.
h3 Rc8 35.c5 Kf7 36.Rc4 f5 37.Kh2 Kf6 38.gxf5 Bxf5 39.c6 Rc7 40.Kg3 g6 41.
h4 Ke5 42.Rc5+ Kd6 43.Rc2 h6 44.Kf4 Kd5 45.h5 Rf7 46.Rd2+ Ke6 47.hxg6 
Bxg6+ 48.Kg3 Rg7 49.Rc2 Rc7 50.Bh3+ Kd6 51.Bd7 Bf7 52.Kg4 Bb3 53.Rc1 Bd5 
54.Kf4 h5 55.Rh1 Bxc6 56.Bxc6 Rf7+ 57.Kxe4 Kxc6 58.f4 Rh7 59.Kf5 h4 60.Rh3
Kd5 61.e4+ Kd4 62.e5 Rh8 63.e6 Kd5 64.Rd3+ Kc4 65.Rd1 h3 66.e7 h2 67.Rh1 
Kd5 68.Rxh2 1-0